| 000 | 00503nam a2200181Ia 4500 | ||
|---|---|---|---|
| 008 | 180921t1969 xxu||||| |||| 00| 0 sin d | ||
| 041 | _asin | ||
| 080 |
_a63(075) _bLIY |
||
| 100 | _aLiyanage, Jayantha | ||
| 245 | _aප්රායෝගික කෂිකර්මය | ||
| 246 | _aPrayogika krishikarmaya | ||
| 260 |
_bM.D. Gunasena _aColombo _c1969 |
||
| 300 | _a552p., ill., 20 cm | ||
| 650 | _aAgriculture O/L | ||
| 942 | _cBK | ||
| 999 |
_c15337 _d15337 |
||
| 003 | LK-CoDNM | ||
| 040 |
_aLK-CoDNM _dLK-CoDNM _eLK-CoDNM |
||